000 00526nam a22001937a 4500
003 OSt
005 20140311162956.0
008 130320t xxu||||| |||| 00| 0 eng d
020 _a0439401496
050 _aQH 349
_b.B27 2002
100 _aBanks, Cameron
_922097
245 _aBizarre Beings /
_cCameron Banks.
260 _aNew York :
_bA&E Television Networks,
_cc2002.
300 _a76 p. :
_c19 cm.
_bill, ;
562 _e1
650 _aLife sciences
_xMiscellanea.
_922098
942 _2lcc
_cBK-GS
999 _c39041
_d39041